000
00215nam a22000857a 4500
008
170131b xxu||||| |||| 00| 0 eng d
100
_9
2694
_a
Bourgeious.P
245
_a
Franklin Fibs
260
_a
New Delhi
_b
Scholastic
_c
2008
999
_c
5855
_d
5855